Personnalités dont le nom commence par la lettre D (par images) - Statistiques

Statistiques générales
  • Ce quiz a été pris 815 fois
  • Le résultat moyen est 15 sur 20
Statistiques - réponses
Par images Réponse % Correct
Leonardo DiCaprio
99%
Gérard Depardieu
97%
Jamel Debbouze
97%
Didier Deschamps
96%
Jean Dujardin
94%
Céline Dion
93%
Johnny Depp
93%
Michel Drucker
86%
Franck Dubosc
85%
Antoine Dupont
84%
Novak Djokovic
80%
Vin Diesel
74%
Alain Delon
70%
Dave
67%
Matt Damon
64%
Éric Dupond-Moretti
62%
Cameron Diaz
52%
Dalida
49%
Jacques Dutronc
37%
Michael Douglas
32%
Aucun quiz correspondant
Distribution des résultats
% des personnes avec chaque résultat
Percentile par nombre de réponses
Votre historique - résultats
Vous n’avez pas pris ce quiz